| 000 | 00726nam a2200205Ia 4500 | ||
|---|---|---|---|
| 003 | GCL | ||
| 008 | 140319s9999 xx 000 0 ara d | ||
| 040 |
_aGCL / _cGCL |
||
| 082 | 0 | 4 |
_a657.835 _bو ن |
| 100 | 1 | _aاحمد بسيونى شحاتة | |
| 245 | 1 | 0 |
_aالنظام المحاسبى الموحد والمشاكل المحاسبية المعاصرة / _cاحمد بسيونى شحاتة |
| 700 | 1 | _aمصطفى عبدالفتاح ابو المكارم | |
| 260 |
_a[S.N] : _bمؤسسة شباب الجامعة ، _c1992 |
||
| 300 | _a253 ص | ||
| 490 | _a | ||
| 650 | 0 | 4 | _aالمحاسبة |
| 650 | 0 | 4 | _aالمحاسبة الحكومية |
| 650 | 0 | 4 | _aالنظام المحاسبى الموحد |
| 942 |
_2ddc _cBK |
||
| 999 |
_c35039 _d35039 |
||